<?xml version="1.0" encoding="UTF-8"?>
<record
    xmlns:xsi="http://www.w3.org/2001/XMLSchema-instance"
    xsi:schemaLocation="http://www.loc.gov/MARC21/slim http://www.loc.gov/standards/marcxml/schema/MARC21slim.xsd"
    xmlns="http://www.loc.gov/MARC21/slim">

  <leader>00803nam a2200241Ia 4500</leader>
  <controlfield tag="005">20260119162748.0</controlfield>
  <controlfield tag="008">210716s2011    xx            000 0 und d</controlfield>
  <datafield tag="020" ind1=" " ind2=" ">
    <subfield code="a">9788130915951</subfield>
  </datafield>
  <datafield tag="040" ind1=" " ind2=" ">
    <subfield code="c">AIMIT LIBRARY</subfield>
  </datafield>
  <datafield tag="041" ind1=" " ind2=" ">
    <subfield code="a">eng</subfield>
  </datafield>
  <datafield tag="082" ind1=" " ind2=" ">
    <subfield code="a">651.78 </subfield>
    <subfield code="2">2</subfield>
    <subfield code="b">MALB</subfield>
  </datafield>
  <datafield tag="100" ind1=" " ind2=" ">
    <subfield code="a">Malmfors, Birgitta.</subfield>
    <subfield code="9">64438</subfield>
  </datafield>
  <datafield tag="245" ind1=" " ind2=" ">
    <subfield code="a">Writing and presenting scientific papers /</subfield>
    <subfield code="c">By Birgitta Malmfors, Phil Garnsworthy and Michael Grossman.</subfield>
  </datafield>
  <datafield tag="250" ind1=" " ind2=" ">
    <subfield code="a">2nd ed.</subfield>
  </datafield>
  <datafield tag="260" ind1=" " ind2=" ">
    <subfield code="a">New Delhi :</subfield>
    <subfield code="b">Viva Books ,</subfield>
    <subfield code="c">2011.</subfield>
  </datafield>
  <datafield tag="300" ind1=" " ind2=" ">
    <subfield code="a">xiv,153P. ;</subfield>
    <subfield code="b">PB</subfield>
    <subfield code="c">22.5 cm.</subfield>
  </datafield>
  <datafield tag="650" ind1=" " ind2=" ">
    <subfield code="a">Sections of a scientific paper</subfield>
    <subfield code="9">64439</subfield>
  </datafield>
  <datafield tag="650" ind1=" " ind2=" ">
    <subfield code="a">Getting started in writing</subfield>
    <subfield code="9">64440</subfield>
  </datafield>
  <datafield tag="650" ind1=" " ind2=" ">
    <subfield code="a">Writing statistics</subfield>
    <subfield code="9">64441</subfield>
  </datafield>
  <datafield tag="700" ind1=" " ind2=" ">
    <subfield code="a">Garnsworthy, Phil.</subfield>
    <subfield code="9">64442</subfield>
  </datafield>
  <datafield tag="700" ind1=" " ind2=" ">
    <subfield code="a">Grossman, Michael.</subfield>
    <subfield code="9">64443</subfield>
  </datafield>
  <datafield tag="942" ind1=" " ind2=" ">
    <subfield code="2">ddc</subfield>
    <subfield code="c">BK</subfield>
    <subfield code="e">2nd</subfield>
    <subfield code="k">651.78 MALB</subfield>
  </datafield>
  <datafield tag="999" ind1=" " ind2=" ">
    <subfield code="c">191300</subfield>
    <subfield code="d">191300</subfield>
  </datafield>
  <datafield tag="952" ind1=" " ind2=" ">
    <subfield code="0">0</subfield>
    <subfield code="1">0</subfield>
    <subfield code="2">ddc</subfield>
    <subfield code="4">0</subfield>
    <subfield code="7">0</subfield>
    <subfield code="8">MCA</subfield>
    <subfield code="a">AIMIT</subfield>
    <subfield code="b">AIMIT</subfield>
    <subfield code="e">Higginbothams Pvt Ltd</subfield>
    <subfield code="g">195.00</subfield>
    <subfield code="i">Bill no:1416; Bill dt:2011-07-09</subfield>
    <subfield code="l">0</subfield>
    <subfield code="o">651.78 MALB</subfield>
    <subfield code="p">MCA10808</subfield>
    <subfield code="r">2025-07-21 00:00:00</subfield>
    <subfield code="v">146.25</subfield>
    <subfield code="w">2021-07-16</subfield>
    <subfield code="y">BK</subfield>
  </datafield>
  <datafield tag="952" ind1=" " ind2=" ">
    <subfield code="0">0</subfield>
    <subfield code="1">0</subfield>
    <subfield code="2">ddc</subfield>
    <subfield code="4">0</subfield>
    <subfield code="7">0</subfield>
    <subfield code="8">MCA</subfield>
    <subfield code="a">AIMIT</subfield>
    <subfield code="b">AIMIT</subfield>
    <subfield code="e">Higginbothams Pvt Ltd</subfield>
    <subfield code="g">195.00</subfield>
    <subfield code="i">Bill no:1416; Bill dt:2011-07-09</subfield>
    <subfield code="l">0</subfield>
    <subfield code="o">651.78 MALB</subfield>
    <subfield code="p">MCA10809</subfield>
    <subfield code="r">2025-07-21 00:00:00</subfield>
    <subfield code="v">146.25</subfield>
    <subfield code="w">2021-07-16</subfield>
    <subfield code="y">BK</subfield>
  </datafield>
</record>
